The Third Surveyor (Record no. 107877)

MARC details
000 -LEADER
fixed length control field 00901cam a22002295a 4500
001 - CONTROL NUMBER
control field L142399
008 - FIXED-LENGTH DATA ELEMENTS--GENERAL INFORMATION
fixed length control field 080212s2005 xxk f 000 0 eng d
020 ## - INTERNATIONAL STANDARD BOOK NUMBER
International Standard Book Number 9780955099502
035 ## - SYSTEM CONTROL NUMBER
System control number (Sirsi) u142399
041 0# - LANGUAGE CODE
Language code of text/sound track or separate title eng
050 04 - LIBRARY OF CONGRESS CALL NUMBER
Classification number 692.2 $2 18
100 1# - MAIN ENTRY--PERSONAL NAME
Personal name Whittick, K. G.
245 04 - TITLE STATEMENT
Title The Third Surveyor
260 ## - PUBLICATION, DISTRIBUTION, ETC.
Place of publication, distribution, etc. Surrey
Name of publisher, distributor, etc. Faculty of Party Wall Surveyors
Date of publication, distribution, etc. 2005
300 ## - PHYSICAL DESCRIPTION
Extent 50p.
Dimensions 21cm.
520 ## - SUMMARY, ETC.
Summary, etc. Sets out the role and functions of a third surveyor, as defined by the Party Wall etc. Act 1996. Includes a table of cases, a draft third surveyors award, and an appointment form for a third surveyor. Also includes a transcript of the Party Wall etc. Act 1996 Chapter 40.
650 24 - SUBJECT ADDED ENTRY--TOPICAL TERM
Topical term or geographic name entry element PARTY WALL ETC. ACT 1996
651 #4 - SUBJECT ADDED ENTRY--GEOGRAPHIC NAME
Geographic name England and Wales
Chronological subdivision 1543-
690 ## - LOCAL SUBJECT ADDED ENTRY--TOPICAL TERM (OCLC, RLIN)
Topical term or geographic name as entry element PROPERTY-PROPERTY MANAGEMENT-EASEMENTS-PARTY WALL SURVEYING-PARTY WALLS
700 1# - ADDED ENTRY--PERSONAL NAME
Personal name Cove, R. E.
942 ## - ADDED ENTRY ELEMENTS (KOHA)
Suppress in OPAC 0
Holdings
Withdrawn status Lost status Source of classification or shelving scheme Damaged status Not for loan Home library Current library Shelving location Date acquired Cost, normal purchase price Total Checkouts Full call number Barcode Date last seen Date last checked out Copy number Cost, replacement price Price effective from Koha item type
    Dewey Decimal Classification     London London Books 19/02/2008 15.00 2 692.2 WHI 30072642 06/08/2019 27/05/2009 1 15.00 06/08/2019 Book